Statistics for Olympic Mascots — Click Quiz

Click here to take the quiz!

General Stats

  • This quiz has been taken 21 times
  • The average score is 10 of 15

Answer Stats

HintAnswer% Correct
Calgary (1988)
95%
Moscow (1980)
89%
Los Angeles (1984)
79%
Beijing (2022)
74%
Rio de Janeiro (2016)
74%
Athens (2004)
68%
Paris (2024)
68%
Seoul (1988)
68%
Lillehammer (1994)
63%
Salt Lake City (2002)
63%
Munich (1972)
58%
Barcelona (1992)
53%
London (2012)
53%
Innsbruck (1976)
47%
Sarajevo (1984)
42%

Score Distribution

Percentile by Number Answered

Percent of People with Each Score

Your Score History

You have not taken this quiz